| 000 | 00335nam a2200133Ia 4500 | ||
|---|---|---|---|
| 008 | 230917s9999||||xx |||||||||||||| ||und|| | ||
| 040 |
_e205185 _aMAIN |
||
| 041 | _aEnglish | ||
| 082 | _a954.02 S15M | ||
| 100 | _aSubhash Chandra | ||
| 245 | 0 | _aMadhyakaleen Bharat mein das-pratha (1206-1526 Ishvi) | |
| 300 | _a189 p. | ||
| 942 | _cTH | ||
| 999 |
_c125580 _d125580 |
||